| 000 | 00351nam a2200145Ia 4500 | ||
|---|---|---|---|
| 008 | 230711s9999||||xx |||||||||||||| ||und|| | ||
| 041 | _aENG | ||
| 082 |
_a4 _bZA-M |
||
| 100 | _aZaks,Rodnay | ||
| 245 | 3 | _aAn introduction to microcomputer | |
| 250 | _a3rd | ||
| 260 |
_c1990 _aNew Delhi _bBPB Publications |
||
| 650 | _aComputer Engineering | ||
| 942 | _cBK | ||
| 999 |
_c178 _d178 |
||